|
|
|
|
| LEADER |
00000ny a22000003n 4500 |
| 005 |
2011051600120.0 |
| 006 |
m d |
| 007 |
cr |n |||| |
| 008 |
100913c19uu9990ci ar s 0 a0eng d |
| 022 |
|
|
|a 1330-4860
|
| 035 |
|
|
|a 5213
|
| 040 |
|
|
|a ViMcC
|c ViMcC
|d vLex
|
| 090 |
|
|
|c 1977
|d 1977
|
| 245 |
3 |
0 |
|a Croatian economic survey
|h [Recurso electrn̤ico]
|
| 256 |
|
|
|a Servicio en ln̕ea
|
| 260 |
|
|
|a Zagreb :
|b Institute of Economics-Zagreb :
|b National Bank of Croatia
|
| 310 |
|
|
|a Annual
|
| 506 |
1 |
|
|a Contenido solo disponible en los productos indicados
|d vLex Global
|d vLex Global (Academic Edition, excluding Law Schools)
|d vLex Global (U.S. Academic Edition, excluding Law Schools)
|
| 650 |
0 |
4 |
|a Economa̕ polt̕ica
|z Croacia
|x Publicaciones perid̤icas
|
| 651 |
|
4 |
|a Croacia
|x Condiciones econm̤icas
|x Publicaciones perid̤icas
|
| 710 |
1 |
|
|a Croatia.
|b Ministarstvo financija
|
| 710 |
1 |
|
|a Ekonomski institut Zagreb
|
| 710 |
1 |
|
|a Narodna banka Hrvatske
|
| 740 |
|
|
|a vLex Revista (Servicios en ln̕ea)
|
| 843 |
|
|
|a Electrn̤ica. Abierta
|
| 853 |
|
|
|8 1
|i (year)
|j (month)
|k (day)
|
| 856 |
4 |
0 |
|z Acceso restringido
|u http://vlex.com/account/login_ip?fuente_id=5213
|
| 942 |
|
|
|c REV
|
| 999 |
|
|
|a Croatia
|a Economic conditions
|a Periodicals
|
| 999 |
|
|
|a Croatia
|a Economic policy
|a Periodicals
|